Statystyki dla Piłkarze Cracovii Kraków z rundy wiosennej sezonu 2023/2024

Kliknij tutaj aby rozwiązać quiz!

Ogólne statystyki

  • Ten quiz został rozwiązany 16 razy
  • Średni wynik to 13 z 31

Statystyki odpowiedzi

PozycjaNumerKrajPiłkarz% Poprawnych
Bramkarz13PolskaSebastian Madejski
85%
Bramkarz31SłowacjaLukas Hroššo
77%
Środkowy Obrońca5RumuniaVirgil Ghiţǎ
77%
Środkowy Obrońca22FinlandiaArttu Hoskonen
69%
Prawy Pomocnik2RumuniaCornel Râpǎ
69%
Środkowy Obrońca15Polska (Niemcy)Kamil Glik
69%
Ofensywny Pomocnik7PolskaPatryk Makuch
69%
Bramkarz30PolskaAdam Wilk
62%
Ofensywny Pomocnik10PolskaMichał Rakoczy
62%
Środkowy Obrońca3DaniaAndreas Skovgaard
54%
Środkowy Napastnik9FinlandiaBenjamin Källman
54%
Prawy Pomocnik63PolskaFilip Rózga
54%
Środkowy Obrońca24CzechyJakub Jugas
54%
Defensywny Pomocnik6Macedonia Północna (Bułgaria)Jani Atanasov
46%
Defensywny Pomocnik20PolskaKarol Knap
46%
Prawy Pomocnik25GruzjaOtar Kakabadze
46%
Defensywny Pomocnik18JaponiaTakuto Oshima
46%
Środkowy Obrońca85CzechyDavid Jablonsky
38%
Lewy Pomocnik4PolskaPaweł Jaroszyński
38%
Środkowy Napastnik21PolskaKacper Śmiglewski
31%
Defensywny Pomocnik8DaniaMathias Hebo Rasmussen
31%
Ofensywny Pomocnik11DaniaMikkel Maigaard
31%
Defensywny Pomocnik88PolskaPatryk Sokołowski
31%
Defensywny Pomocnik72PolskaBartłomiej Kolec
23%
Lewy Obrońca19IslandiaDavíd Kristján Ólafsson
15%
Środkowy Pomocnik23PolskaFabian Bzdyl
15%
Środkowy Obrońca33AlbaniaEneo Birti
8%
Środkowy Obrońca50PolskaFranciszek Dziewicki
8%
Prawy Pomocnik17PolskaMateusz Bochniak
8%
Środkowy Napastnik99PolskaSzymon Doba
8%
Ofensywny Pomocnik15PolskaMaciej Mrozik
0%

Rozkład punktacji

Percentyl według liczby udzielonych odpowiedzi

Procent ludzi z każdym wynikiem

Twoja historia wyników

Nie rozwiązałeś tego quizu